Images That Rhyme with 'THUG' Quiz Stats

Quiz Updated Nov 8, 2017

Challenge
Share
Tweet
Score 0/14 Timer 01:00
0 Plays Today
% Correct
mug
99.6%
rug
99.3%
hug
98%
bug
97.9%
pug
97.2%
plug
96.6%
slug
96.3%
% Correct
chug
93.4%
tug
92.2%
shrug
92.2%
jug
85.5%
Doug
72.7%
lug
67.2%
drug
63.3%

You're not logged in!

Compare scores with friends on all Sporcle quizzes.
Sign Up with Email
OR
Log In

You Might Also Like...

Show Comments

Extras

Top Quizzes Today


Score Distribution

Your Account Isn't Verified!

In order to create a playlist on Sporcle, you need to verify the email address you used during registration. Go to your Sporcle Settings to finish the process.